On This Day: July 4th II Quiz Stats

 Plays Quiz Updated Jul 4, 2018

Score 0/7 Timer 03:00
0 Plays Today
Question Answer Wrong Answers
The US government officially announces the ______ Purchase, which doubles the country’s size, from France.
1803
Louisiana
96.8%
Gadsden
0.7%
Alaska
1.8%
Florida
0.6%
In London, the Indian Independence Bill is presented to the House of Commons, proposing the separation of British India into the two sovereign countries of India and ______.
1947
Pakistan
76.4%
Nepal
4.4%
Bangladesh
11.2%
Sri Lanka
6.6%
Two founding fathers and former US Presidents, Thomas Jefferson and this Massachusetts native, both die on the 50th anniversary of the Declaration of Independence.
1826
John Adams
74.4%
George Washington
5.8%
James Madison
13.7%
Samuel Adams
5.9%
This classic anti-Vietnam song is released as a single in the United Kingdom under the artist name Plastic Ono Band.
1969
Give Peace a Chance
73.7%
Blowin' in the Wind
10.8%
Waist Deep in the Big Muddy
1.9%
War
12.3%
The first edition of ‘Leaves of Grass,’ including the poem ‘Song of Myself,’ is published in Brooklyn by this poet, who is often considered the most influential poet in American history.
1855
Walt Whitman
71.2%
Ralph Waldo Emerson
10.3%
Robert Frost
13.3%
Emily Dickinson
4.6%
Based on experiments at the Large Hadron Collider, scientists announce the discovery of particles believed to be the Higgs ______, a fundamental particle of the Standard Model essential to understanding mass.
2012
boson
69.7%
proton
10%
electron
6.8%
quark
11.9%
Booker T. Washington and Lewis Adams open this school in Alabama where George Washington Carver would eventually teach.
1881
Tuskegee University
65.8%
Morehouse College
12.8%
Spelman College
7.9%
Auburn University
12.8%

You're not logged in!

Compare scores with friends on all Sporcle quizzes.
OR
Log In

Sporcle TV

Today on Sporcle TV


Watch our educational content, quiz creation guides, and fun videos on Sporcle TV.

Show Comments

Extras

Top Quizzes Today


Score Distribution

Your Account Isn't Verified!

In order to create a playlist on Sporcle, you need to verify the email address you used during registration. Go to your Sporcle Settings to finish the process.

Report this User

Report this user for behavior that violates our Community Guidelines.

Details: